| 000 | 00512nam a22001697a 4500 | ||
|---|---|---|---|
| 003 | OSt | ||
| 005 | 20260129162442.0 | ||
| 008 | 260129b |||||||| |||| 00| 0 eng d | ||
| 040 | _cMRSPTU | ||
| 041 | _aEnglish | ||
| 100 | _aHarjeet Singh, Supervisor: Satinder Singh Sandhu | ||
| 245 | _aRepair and Retrofitting of Building | ||
| 260 |
_bDepartment of Civil Engg. MRSPTU, Bathinda _c2005 |
||
| 650 | _aCivil Engineering | ||
| 856 | _uhttp://163.47.215.52:8080/jspui/handle/123456789/990 | ||
| 942 |
_2ddc _cTH _n0 |
||
| 999 |
_c10796 _d10796 |
||